Indovina l'animale dall'occhio - Statistics

Statistiche generali
  • Questo quiz è stato fatto 75 volte
  • Il punteggio medio è 4 su 16
Statistiche sulle risposte
con Immagini Risposta % Corretto
Leone
95%
Rinoceronte
73%
Vipera del gabon
48%
Stambecco
47%
Cincilla
27%
Tapiro
20%
Coyote
14%
Okapi
13%
Eterocefalo
11%
Fennek
11%
Mandrillo
11%
Anaconda
9%
Mamba nero
9%
Nautilus
8%
Scorpione
6%
Piranha
5%
Nessun quiz corrispondente trovato
Distribuzione punteggi
Percentuale di utenti per punteggio
Percentile per numero di risposta
I tuoi punteggi nel tempo
Non hai fatto questo quiz